Estadísticas para Películas de Harry Potter en emojis

Haz click aquí para intentar la prueba.

Estadísticas generales

  • Esta prueba ha sido intentada 206 veces
  • La puntuación promedio es 6 de 8

Estadísticas de respuestas

Respuesta% Correcto
El prisionero de Azkaban
93%
El cáliz de fuego
84%
La piedra filosofal
79%
La cámara secreta
74%
La Orden del Fénix
69%
El misterio del príncipe
57%
Las reliquias de la Muerte parte 1
55%
Las reliquias de la Muerte parte 2
54%

Distribución de puntuación

Porcentaje por número respondido

Porcentaje de gente con cada puntuación

Historial de tus puntuaciones

No has intentado esta prueba.